000 00900nam a2200265Ia 4500
003 OSt
005 20220925213924.0
006 a|||||r|||| 00| 0
007 ta
008 220923b |||||||| |||| 00| 0 eng d
020 _a9781847064639
_c1311.8199999999999
037 _bG-4666/11-12, 27/03/2012, Manohar Publishers & Distributors
_cGeneral Book
040 _aRTL
_cRTL
_beng
041 _2eng
_aeng
082 _aR3xM9Hk, Q2
100 _aMoran Dermot
245 0 _aHusserl dictionary.
260 _aLondon
_bContinuum International Publishing
_c2012
300 _avi, 376p. Bibliography: P.349-357
_ccm.
490 _aContinuum Philosophy Dictionaries.
650 _aSociology
700 _a Cohen Joseph
942 _hR3xM9Hk, Q2
_cGB
_2CC
999 _c564024
_d564024